000 00703nam a2200265Ia 4500
003 OSt
005 20220918183153.0
006 a|||||r|||| 00| 0
007 ta
008 220917b |||||||| |||| 00| 0 eng d
024 _a36,552
037 _cTextual
040 _aARTS
_cARTS
_beng
041 _2eng
_aeng
082 _aO122,3M71:g, 111L7
100 _aShattuck Roger
_962176
245 0 _aProust
260 _aGreat
_bBritain Fontana Paperbacks
_c1974
300 _a187p.
_ccm.
490 _aFontana modern masters
500 _aBib 185-87p
650 _aENGLISH LITERATURE
942 _hO122,3M71:g, 111L7
_cTEXL
_2CC
999 _c171743
_d171743